00865nam a2200253 a 450000100060000000300080000600500170001400800410003103500190007203500200009104000350011104100080014608200220015410000290017624500870020525000120029226000670030430000170037150500140038865000430040294200120044599900170045795201370047455750BD-RjUL20211209080317.0161121s1784 enka 000 0 eng  a(BD-RjUL)55874 a(OCoLC)16762811 aDLCcOrPSdOCoLCdBD-RjULbeng aeng 223a823bFIW 1784 aFielding, Henry 916649400aThe works of Henry Fielding, Esq :bwith the life of the author /cHenry Fielding. a3rd ed. aLondon :bPrinted for A.Millar, in the stand Mdcclxvi.,c1784. aV. ;c27 cm.0 aVol.-1 -- 0aFielding, Henry, -- 1707-1754.9166023 2ddccBK c55750d55750 00102ddc40708FICaRUCLbRUCLcStackd1956-11-20eBlack wellg7.70l0o823 FIW V-1 1784r2016-11-23 00:00:00tC-2w2021-12-09yBK